| 000 | 00670nam a22002177a 4500 | ||
|---|---|---|---|
| 001 | 8635 | ||
| 003 | FISKH | ||
| 005 | 20251007111641.0 | ||
| 008 | 251007b cb ||||| |||| 00| 0 eng d | ||
| 020 | _a9787894310415 | ||
| 040 |
_aFISKH _beng _cFISKH _dFISKH |
||
| 050 | _aPZ7 | ||
| 082 | _a372.65 | ||
| 100 | _aJiaju, Yao | ||
| 245 |
_aMy first English words book : _bNearly 500 basic words, helpful and fun categories, kid-friendly illustrations and design, a word list for quick reference / |
||
| 260 |
_aShanghai : _bIkucul, |
||
| 300 |
_a52 unnumbered pages : _bcolor illustrations ; _c31 cm |
||
| 650 | _aDictionary | ||
| 942 |
_2ddc _cBK _n0 |
||
| 999 |
_c8635 _d8635 |
||